| 000 | 00955nam a2200229 a 4500 | ||
|---|---|---|---|
| 001 | 55370 | ||
| 003 | BD-RjUL | ||
| 005 | 20211209080245.0 | ||
| 008 | 161116s1963 bg ||||| |||| 00| 0 ben d | ||
| 035 | _a(BD-RjUL)55492 | ||
| 040 |
_aBD-RjUL _bben _cBD-RjUL _dBD-RjUL |
||
| 041 | _aben | ||
| 082 |
_223 _a509 _bSAB 1963 |
||
| 100 |
_aসারটন, জর্জ _9123634 |
||
| 245 | 1 | 0 |
_aবিজ্ঞানের প্রাণধারা / _cমূল : জর্জ সারটন, তরজমা : মুয়ায্যম হুসায়ন খান |
| 260 |
_aঢাকা : _bনওরোজ কিতাবিস্তান, _c১৯৬৩. |
||
| 300 |
_a২৩০ পৃ. ; _c২৩ সেমি. |
||
| 650 |
_aবিজ্ঞান _vইতিহাস _9164939 |
||
| 650 |
_aScience _vHistory _9117677 |
||
| 700 |
_aখান, মুয়ায্যম হুসায়ন _qতরজমা : _9128658 |
||
| 942 |
_2ddc _cBK |
||
| 999 |
_c55370 _d55370 |
||